{"text_format":"1","workbook":"xls","n_sheets":3,"sheets":["Plan1","Plan2","Plan3"],"not_rendered":{"charts":0,"images":1,"macros":0,"external_links":0,"defined_names":0,"comments":0,"pivot_tables":0},"unopened":[],"bounds":{"document_bytes":16777216,"sheet_cells":100000,"rows_first":2000,"rows_last":500,"rows_between":2000,"halvings":0,"cell_chars":16384,"cell_head_chars":4096},"cells_cut":0,"cells_raw":0,"read":"whole","date_system":"1900","formulas":"cached_only"}

{"sheet":"Plan1","index":0,"n_rows":20,"n_cols":7,"rows_kept":20,"cut":false,"hidden":false,"merged":[],"flags":["formulas_cached_only"]}
[]
[null,"PREFEITURA MUNICIPAL DE FREI ROGERIO"]
[null,"RUA ADOLFO SOLETTI, 750 - CENTRO"]
[null,"CNPJ 01.616.039.0001/09",null,null,null,null,"BDI ADOTADO"]
[null,"ORÇAMENTO PAVIMENTAÇÃO RUA SÃO FRANCISCO",null,null,null,null,20]
["1. SERVIÇOS INICIAIS"]
["ITEM",null,"UNIDADE","QTDADE","PREÇO","PREÇO","TOTAL PARCIAL"]
["1. SERVIÇOS INICIAIS",null,null,null,"UNITÁRIO","TOTAL"]
["1.1","AQUISIÇÃO E ASSENTAMENTO PLACA DE OBRA EM CHAPA DE ACO GALVANIZADO","m²",4,220.16,880.64]
["1.2","REGULARIZACAO E COMPACTACAO DE SUBLEITO ATE 20 CM DE ESPESSURA","m²",2120,1.47,3116.4]
["1.3","MEIO-FIO (GUIA) DE CONCRETO PRE-MOLDADO, DIMENSÕES 12X15X30X100CM (Fck 35mpa) SUPERIORXFACE INFERIORXALTURAXCOMPRIMENTO),REJUNTADO C/ARGAMASSA 1:4 CIMENTO:AREIA, INCLUINDO ESCAVAÇÃO E REATERRO + MEIO FIO DE ACABAMENTO","m",408,22.9,9343.199999999999,13340.239999999998]
["2.  PAVIMENTAÇÃO"]
["2.1","PAVIMENTACAO EM BLOCOS INTERTRAVADOS DE CONCRETO, ESPESSURA 8CM, 35MPA, ASSENTADOS SOBRE COLCHAO DE AREIA.","m²",2120,41.23,87407.59999999999]
["2.2","COLCHAO DE AREIA PARA PAVIMENTACAO EM  BLOCOS DE CONCRETO INTERTRAVADOS e=15cm","m³",318,87.27,27751.859999999997]
["2.3","REGULARIZACAO E COMPACTACAO MANUAL DE TERRENO (PASSEIO)","m³",404,2.26,913.04,116072.49999999999]
["3. SINALIZAÇÃO"]
["3.1","PLACA METÁLICA REFLEXIVA C/MASTRO FIX. SOLO(2xR-19/2xR-7) DIAMETRO Ø = 0,50m","UNID",4,131.02,524.08]
["3.2","PLACA ESMALTADA PARA IDENTIFICAÇÃO NR DE RUA, DIMENSÕES 45X25CM","UNID",8,112.78,902.24,1426.3200000000002]
["TOTAL"]
["DATA ORÇAMENTO : 21/03/2011",null,null,null,null,null,130839.06]

{"sheet":"Plan2","index":1,"n_rows":0,"n_cols":0,"rows_kept":0,"cut":false,"hidden":false,"merged":[],"flags":["formulas_cached_only"]}

{"sheet":"Plan3","index":2,"n_rows":0,"n_cols":0,"rows_kept":0,"cut":false,"hidden":false,"merged":[],"flags":["formulas_cached_only"]}